00439 a2200157 450000100060000004000240000610000260003024000260005624500210008230000100010336200090011365000310012294200070015395201040016099900170026471074 cAnchieta - Itaigara aGouveia, Luis Augusto10aOuvindo estrelaslpor10aOuvindo estrelas a189p.0 a2005 4aLiteratura infanto-juvenil cBK 00104070a88.1b88.1d2023-11-21l0o028.5 GOU OUVp5258/ITAr2023-11-21 20:06:24w2023-11-21yBK c71074d71074